| 000 | 00629nam a2200181Ia 4500 | ||
|---|---|---|---|
| 003 | GCL | ||
| 008 | 140319s9999 xx 000 0 ara d | ||
| 040 |
_aGCL / _cGCL |
||
| 082 | 0 | 4 |
_aق _b953 _bا م |
| 100 | 1 | _aابراهيم احمد العدوى | |
| 245 | 1 | 0 |
_aمصر الاسلامية ومقوماتها العربية ورسالتها الحضارية (هدية من الاديب عبدالفتاح الجمل) / _cابراهيم احمد العدوى |
| 300 | _a301 ص | ||
| 490 | _a | ||
| 650 | 0 | 4 | _aمصر |
| 650 | 0 | 4 | _aالحضارة الاسلامية |
| 650 | 0 | 4 | _aالقومية العربية |
| 942 |
_2ddc _cBK |
||
| 999 |
_c38724 _d38724 |
||